| 000 | 01286nam a2200265Ia 4500 | ||
|---|---|---|---|
| 999 |
_c54909 _d54909 |
||
| 001 | 21980 | ||
| 003 | GE_BSU | ||
| 005 | 20220921121811.0 | ||
| 008 | 181216s2005||||ge |||||||||||||| ||geo|| | ||
| 020 | _a99940-16-84-9 | ||
| 040 | _cGE_BSU | ||
| 041 | _ageo | ||
| 080 | _a821.111(73)-1 დ-47 | ||
| 100 |
_aდიკინსონი, ემილი _914659 |
||
| 245 |
_aრჩეული ლირიკა = Selected verse / _cემილი დიკინსონი ; მთარგმნ. : დავით ახალაძე და სხვ. ; რედაქტორ-შემდგენელი მანანა ჭაბაშვილი ; რედ. ნინო ჭუმბურიძე. |
||
| 264 |
_aთბილისი : _bდიოგენე, _c2005. |
||
| 300 |
_a161გვ. ; _c20 სმ. |
||
| 541 | _h6ლ. | ||
| 546 | _aტექსტი ქართულ და ინგლისურ ენებზე | ||
| 653 | _aლიტერატურა | ||
| 653 | _aრჩეული ლირიკა = Selected verse | ||
| 700 |
_aახალაძე, დავით _eმთარგმნელი _912605 |
||
| 700 |
_aჭუმბურიძე, ნინო _eრედაქტორი _92131 |
||
| 942 |
_cBK _2udc |
||